The thirty-nine steps
Αποθηκεύτηκε σε:
| Μορφή: | Βιβλίο |
|---|---|
| Γλώσσα: | English |
| Δημοσίευση: |
Harlow :
Longman,
c1984
|
| Σειρά: | Longman movieworld. Elementary ;
; Stage 1 |
| Θέματα: | |
| Ετικέτες: |
Προσθήκη ετικέτας
Δεν υπάρχουν, Καταχωρήστε ετικέτα πρώτοι!
|
MARC
| LEADER | 00000nam a2200000 i 4500 | ||
|---|---|---|---|
| 001 | 1/49460 | ||
| 008 | 960402s1984 eng d | ||
| 020 | |a 0-582-53046-6 | ||
| 035 | |l 10026840 | ||
| 040 | |a GR-MY-UA |b gre |e aacr | ||
| 041 | 0 | |a eng | |
| 082 | 0 | |a 428.64 | |
| 245 | 1 | 4 | |a The thirty-nine steps |
| 260 | |a Harlow : |b Longman, |c c1984 | ||
| 300 | |a 31 p. | ||
| 490 | 1 | |a Longman movieworld. Elementary |v ; Stage 1 | |
| 500 | |a Easy reading edition | ||
| 650 | 0 | 0 | |a English language |v Textbooks for foreign speakers. |
| 650 | 0 | 0 | |a Intelligence service |z Great Britain |x Fiction. |
| 830 | 0 | |a Longman movieworld. Elementary ; |v ; Stage 1 | |
| 852 | |a INST |b CHIOS |e 19960402 |h 428.64 THI |p 005200005046 |q 005200005046 |t BK |y 0 | ||
| 909 | |a Χ |b 004854 | ||